Family planning in Japan : Opinion survey by the Mainichi Newspapers

Guardat en:
Dades bibliogràfiques
Format: Llibre
Idioma:Undetermined
Publicat: Tokyo Japanese Organization for International Cooperation in Family Planning 1970
Matèries:
Etiquetes: Afegir etiqueta
Sense etiquetes, Sigues el primer a etiquetar aquest registre!
Thư viện lưu trữ: Trung tâm Học liệu Trường Đại học Cần Thơ
LEADER 00680nam a2200205Ia 4500
001 CTU_115286
008 210402s9999 xx 000 0 und d
082 |a 301.1543 
082 |b F198 
245 0 |a Family planning in Japan : 
245 0 |b Opinion survey by the Mainichi Newspapers 
245 0 |c Edited by the Population Problems Research Council, the Mainichi Newspapers 
260 |a Tokyo 
260 |b Japanese Organization for International Cooperation in Family Planning 
260 |c 1970 
650 |a Birth control,Public opinion 
650 |x Public opinion 
650 |z Japan,Japan 
904 |i Giang 
980 |a Trung tâm Học liệu Trường Đại học Cần Thơ